Physics Terms By Symbol - Statistics

General Stats
  • This quiz has been taken 121 times
  • The average score is 11 of 25
Answer Stats
Hint Answer % Correct
F Force
91%
a Acceleration
80%
d Distance
79%
m Mass
78%
t Time
74%
v Velocity
67%
θ Angle
60%
ρ Density
56%
r Radius
53%
W Work
51%
A Area
46%
V Volume
43%
p Momentum
39%
μ Coefficient of Friction
35%
P Power
35%
U Potential Energy
29%
l Length
27%
τ Torque
27%
f Frequency
26%
K Kinetic Energy
25%
k Spring Constant
25%
y Height
21%
T Period
21%
J Impulse
16%
x Position
16%
No matching quizzes found
Score Distribution
Percent of People with Each Score
Percentile by Number Answered
Your Score History
You have not taken this quiz